| 000 | 01144nam0a22003011 4500 | ||
|---|---|---|---|
| 001 | RU\INFOCOMM_322\NLR\5000086921 | ||
| 005 | 20250613104627.0 | ||
| 035 | _a(NLR Aleph) 009508462 | ||
| 090 |
_a8750710 _c8750710 |
||
| 100 | _a20121204d1985 |||y0rusy50 ca | ||
| 101 | 0 | _anor | |
| 102 | _aRU | ||
| 105 | _ay z ||||| | ||
| 200 | 1 |
_atro mot Helsinki-konferansens ånd _eTil 10-årsjubileet for den alleurop. konf. _fJurij Kasjlev |
|
| 210 |
_aM. _cPressebyrået "Novostis" forl. _d1985 |
||
| 215 |
_a103 с. _d17 см |
||
| 300 | _aВ вып. дан.: Следовать духу Хельсинки / Юрий Борисович Кашлев | ||
| 606 | 0 |
_aМеждународная напряженность _xРазрядка _91296475 _3RU\NLR\AUTH\66218954 |
|
| 620 | _aМосква | ||
| 686 |
_aТ3(0)63-609 _2rubbk |
||
| 700 | 1 |
_9z01790 _aKašlev _bJ. B. _f1934- _gJurij Borisovič |
|
| 712 | 1 | 2 |
_aKonferense om sikkerhet og samarbeid i Europa _eHelsinki _f1975 _4570 |
| 790 | 1 |
_9z01700 _aKasjlev _bJ. _gJurij _4070 |
|
| 801 | 1 |
_aRU _bNLR _c20121204 |
|
| 801 | 0 |
_aRU _bINFOCOMM _gPSBO |
|
| 852 |
_aNLR _jИ25 Д-1/346 |
||
| 942 | _cBOOK | ||
| 980 | _aNB | ||